01436 a2200241 450000100040000000500170000400800410002100300150006204000400007708000360011724500280015302000220018126400330020330000250023650506670026104100080092810000210093670000260095770000300098370000280101370000350104185601180107623620260407155416.0260407a2009 arg spa dAR-UNSa-BCEJYS aAR-UNSa-BCEJYSbspacAR-UNSa-BCEJYS a330.35xCrecimiento económico10aCrecimiento económico a978-84-291-2614-3 1aBarcelona :bRevertéc2009 axviii, 660 p.c24 cm a1. Modelos de crecimiento con tasas de ahorro exógenas 2. Modelos de crecimiento con optimización del consumidor 3. Ampliaciones del modelo de crecimiento de Ramsey 4. Modelos de crecimiento endógeno con un único sector 5. Modelos de crecimiento endógeno de dos sectores 6. Cambio tecnológico: modelos con una variedad ampliada de productos 7. Cambios tecnológico: el modelo de Schumpeter de escalas de calidad 8. La difusión de la tecnología 9. Oferta de trabajo y población 10. Contabilidad del crecimiento 11. Análisis empírico de conjuntos de datos regionales 12. Análisis empírico de corte transversal de una muestra de países aspa1 aBarro, Robert J.1 aSala-i-Martin, Xavier1 aPérez Apilanez, Gotzone1 aRobinson, Robert Andrew1 aEspíndola, José Ramón de41uhttps://biblioeco.unsa.edu.ar/pmb/images/libros/Crecimiento Economico2-l117563.jpgyImagen de portadaqimage/jpeg